[Event "Rheinland Pfalz op 9th"]
[Site "Lambsheim"]
[Date "2017.06.15"]
[Round "1"]
[White "Lang, Jochen"]
[Black "Kalepky, Helmut"]
[Result "1/2-1/2"]
[WhiteElo "1515"]
[BlackElo "1999"]
[PlyCount "85"]
[EventDate "2017.06.15"]
[EventType "swiss"]
[EventRounds "7"]
[EventCountry "GER"]
[SourceTitle "CBM 178 Extra"]
[Source "ChessBase"]
[SourceDate "2017.06.22"]
[SourceVersion "1"]
[SourceVersionDate "2017.06.22"]
[SourceQuality "1"]

1. d4 Nf6 2. Nf3 g6 3. c4 Bg7 4. Nc3 0-0 5. e3 d6 6. Be2 c6 7. 0-0 Qc7 8. Bd2 e5 9. d5 e4 10. Nd4 c5 11. Ndb5 Qe7 12. Rc1 a6 13. Na3 Nbd7 14. Nc2 Ne5 15. h3 h5 16. a3 g5 17. Ne1 g4 18. Kh2 Bf5 19. Na4 Nfd7 20. b4 Nxc4 21. Bxc4 b5 22. Nxc5 dxc5 23. Be2 c4 24. Nc2 gxh3 25. g3 Ne5 26. Bxh5 Nf3+ 27. Bxf3 exf3 28. Qxf3 Be4 29. Qg4 f5 30. Qd1 Bg2 31. Re1 Qe4 32. Nd4 Bxd4 33. exd4 Qxd5 34. Qh5 Rf7 35. Qg6+ Rg7 36. Qe6+ Qxe6 37. Rxe6 Kf7 38. Rce1 Rg6 39. Re7+ Kf8 40. R7e5 Ra7 41. Rxf5+ Rf7 42. Rxf7+ Kxf7 43. Re5 1/2-1/2

[Event "Rheinland Pfalz op 8th"]
[Site "Reil an der Mosel"]
[Date "2016.05.29"]
[Round "7"]
[White "Roos, Elias"]
[Black "Lang, Jochen"]
[Result "1/2-1/2"]
[WhiteElo "1722"]
[BlackElo "1518"]
[PlyCount "101"]
[EventDate "2016.05.26"]
[EventType "swiss"]
[EventRounds "7"]
[EventCountry "GER"]
[SourceTitle "EXT 2018"]
[Source "ChessBase"]
[SourceDate "2017.10.13"]
[SourceVersion "1"]
[SourceVersionDate "2017.10.13"]
[SourceQuality "1"]

1. d4 d5 2. c4 e6 3. Nc3 Nf6 4. Bg5 Be7 5. e3 Nbd7 6. Nf3 c6 7. Bd3 0-0 8. 0-0 a6 9. Ne5 Qc7 10. f4 c5 11. Rc1 Qd8 12. Qf3 dxc4 13. Nxc4 Rb8 14. Rfd1 cxd4 15. exd4 b6 16. Bb1 Bb7 17. Qd3 g6 18. Ne5 Nxe5 19. fxe5 Nd5 20. Bxe7 Qxe7 21. Nxd5 exd5 22. Qb3 b5 23. Rc5 Rbc8 24. Rdc1 Rxc5 25. Rxc5 Qh4 26. Qe3 Rc8 27. b4 Rxc5 28. bxc5 Bc6 29. e6 Be8 30. Bd3 f6 31. g3 Qg5 32. Qxg5 fxg5 33. Kf2 Kg7 34. Bf1 Kf6 35. Bh3 h5 36. Ke3 g4 37. Bf1 g5 38. Bd3 Kxe6 39. Kd2 h4 40. Kc3 a5 41. Kb2 Ke7 42. Kb3 Bd7 43. Bf1 Kd8 44. Bd3 Kc7 45. Bg6 Kd8 46. Bf7 Bc6 47. Be6 Kc7 48. Bxg4 hxg3 49. hxg3 Kb7 50. Bh3 Kc7 51. Bf1 1/2-1/2

[Event "Rheinland Pfalz op 8th"]
[Site "Reil an der Mosel"]
[Date "2016.05.28"]
[Round "5"]
[White "Schneider, Lutz Peter"]
[Black "Lang, Jochen"]
[Result "1-0"]
[WhiteElo "1755"]
[BlackElo "1518"]
[PlyCount "107"]
[EventDate "2016.05.26"]
[EventType "swiss"]
[EventRounds "7"]
[EventCountry "GER"]
[SourceTitle "EXT 2018"]
[Source "ChessBase"]
[SourceDate "2017.10.13"]
[SourceVersion "1"]
[SourceVersionDate "2017.10.13"]
[SourceQuality "1"]

1. e4 c5 2. Nf3 d6 3. d4 cxd4 4. Nxd4 Nf6 5. Nc3 a6 6. Be2 e6 7. 0-0 Be7 8. Be3 0-0 9. f4 e5 10. Nf3 Nbd7 11. Qe1 b5 12. fxe5 dxe5 13. Rd1 Qc7 14. Nd2 Bb7 15. Kh1 Bc5 16. Bg5 Rfe8 17. Qg3 Be7 18. a3 Rac8 19. h4 Qb6 20. h5 Nc5 21. Qh4 Ncd7 22. h6 g6 23. Rf3 Qe6 24. Rdf1 Rc6 25. Rd3 Rd6 26. Nb3 Rxd3 27. Bxd3 Qg4 28. Rd1 Qxh4+ 29. Bxh4 Kf8 30. Nd2 Rc8 31. Nf3 Bxa3 32. bxa3 Rxc3 33. Nxe5 Nxe5 34. Bxf6 Nxd3 35. cxd3 Rc2 36. Kh2 Ke8 37. Kg3 Kd7 38. Kf3 Ke6 39. Bd4 Bc6 40. g4 f5 41. g5 fxe4+ 42. dxe4 Bb7 43. Ke3 Rc4 44. Rf1 Rc8 45. Rf6+ Ke7 46. Rb6 Rc7 47. Kf4 Bc8 48. Be5 Rc4 49. Bd6+ Kd7 50. Bb4 Ke8 51. Ke5 Kf7 52. Rf6+ Ke8 53. Rf8+ Kd7 54. Rf7+ 1-0

[Event "Rheinland Pfalz op 5th"]
[Site "Worms"]
[Date "2013.06.02"]
[Round "7"]
[White "Lang, Jochen"]
[Black "Mueller, Michael7"]
[Result "1/2-1/2"]
[WhiteElo "1489"]
[BlackElo "1713"]
[PlyCount "59"]
[EventDate "2013.05.30"]
[EventType "swiss"]
[EventRounds "7"]
[EventCountry "GER"]
[SourceTitle "EXT 2014"]
[Source "ChessBase"]
[SourceDate "2013.11.20"]
[SourceVersion "1"]
[SourceVersionDate "2013.11.20"]
[SourceQuality "1"]

1. d4 Nf6 2. Nf3 g6 3. c4 Bg7 4. Nc3 d6 5. e4 0-0 6. Be2 e5 7. dxe5 dxe5 8. 0-0 c6 9. Qc2 Qc7 10. Rd1 Bg4 11. Be3 Na6 12. a3 Rfd8 13. Rxd8+ Rxd8 14. Rd1 Rxd1+ 15. Qxd1 Bc8 16. h3 Nh5 17. Qd2 Nf4 18. Bf1 Ne6 19. b4 Qd7 20. Qxd7 Bxd7 21. Bxa7 Nac7 22. Bb8 f6 23. b5 Kf7 24. b6 Na6 25. Bd6 Nec5 26. Nd2 Ke6 27. Bxc5 Nxc5 28. Na2 Bh6 29. Nb1 Nxe4 30. Nbc3 1/2-1/2

[Event "Rheinland Pfalz op 5th"]
[Site "Worms"]
[Date "2013.06.01"]
[Round "5"]
[White "Lang, Jochen"]
[Black "Fey, Karl Heinz"]
[Result "1-0"]
[WhiteElo "1489"]
[BlackElo "771"]
[PlyCount "47"]
[EventDate "2013.05.30"]
[EventType "swiss"]
[EventRounds "7"]
[EventCountry "GER"]
[SourceTitle "EXT 2014"]
[Source "ChessBase"]
[SourceDate "2013.11.20"]
[SourceVersion "1"]
[SourceVersionDate "2013.11.20"]
[SourceQuality "1"]

1. d4 Nf6 2. c4 e6 3. Nc3 Bb4 4. Qc2 0-0 5. Bg5 Be7 6. Nf3 Re8 7. e4 d6 8. Bd3 Nfd7 9. Bxe7 Rxe7 10. Qe2 a5 11. Rd1 b6 12. e5 Bb7 13. 0-0 Na6 14. a3 Bxf3 15. Qxf3 f6 16. Be4 Rc8 17. Bb7 Ra8 18. Bxa8 fxe5 19. Be4 Rf7 20. Bxh7+ Kf8 21. Qh3 Nf6 22. Bg6 Rd7 23. Qh8+ Ke7 24. Qxg7# 1-0

[Event "Lingen op 4th"]
[Site "Lingen"]
[Date "2012.07.22"]
[Round "5"]
[White "Lang, Jochen"]
[Black "Spieker, Hans Joachim"]
[Result "0-1"]
[WhiteElo "1520"]
[BlackElo "1980"]
[PlyCount "46"]
[EventDate "2012.07.20"]
[EventType "swiss"]
[EventRounds "5"]
[EventCountry "GER"]
[SourceTitle "EXT 2013"]
[Source "ChessBase"]
[SourceDate "2012.11.22"]
[SourceVersion "1"]
[SourceVersionDate "2012.11.22"]
[SourceQuality "1"]

1. d4 Nf6 2. c4 g6 3. Nf3 Bg7 4. Nc3 d5 5. e3 0-0 6. Bd3 dxc4 7. Bxc4 c5 8. d5 Qa5 9. Bd2 a6 10. Qb3 Qc7 11. a4 Bg4 12. Ng5 h6 13. d6 exd6 14. Nh3 Nc6 15. Nd5 Nxd5 16. Bxd5 Rae8 17. Bc3 Nd4 18. Bxd4 cxd4 19. e4 Qa5+ 20. Kf1 Qd2 21. f3 d3 22. Re1 Bxh3 23. gxh3 Bd4 0-1

[Event "Lingen op 4th"]
[Site "Lingen"]
[Date "2012.07.20"]
[Round "1"]
[White "Lang, Jochen"]
[Black "Krneta, Slavko"]
[Result "0-1"]
[WhiteElo "1520"]
[BlackElo "1895"]
[PlyCount "24"]
[EventDate "2012.07.20"]
[EventType "swiss"]
[EventRounds "5"]
[EventCountry "GER"]
[SourceTitle "EXT 2013"]
[Source "ChessBase"]
[SourceDate "2012.11.22"]
[SourceVersion "1"]
[SourceVersionDate "2012.11.22"]
[SourceQuality "1"]

1. d4 e6 2. Nf3 c5 3. c3 d5 4. Nbd2 Nc6 5. e4 Nf6 6. e5 Nd7 7. a3 Be7 8. Bd3 Qb6 9. Qc2 cxd4 10. Nb3 dxc3 11. Qxc3 Nc5 12. Be3 Qxb3 0-1

[Event "Rheinland Pfalz op 3rd"]
[Site "Gau Algesheim"]
[Date "2011.08.01"]
[Round "6"]
[White "Sonnhoff, Werner"]
[Black "Lang, Jochen"]
[Result "1-0"]
[WhiteElo "1800"]
[BlackElo "1516"]
[PlyCount "91"]
[EventDate "2011.07.28"]
[EventType "swiss"]
[EventRounds "7"]
[EventCountry "GER"]
[SourceTitle "EXT 2013"]
[Source "ChessBase"]
[SourceDate "2012.11.22"]
[SourceVersion "1"]
[SourceVersionDate "2012.11.22"]
[SourceQuality "1"]

1. d4 Nf6 2. Bf4 d5 3. e3 e6 4. Nd2 Nbd7 5. Bd3 c5 6. c3 Be7 7. Ngf3 0-0 8. Ne5 Qb6 9. Rb1 Re8 10. Qf3 Nf8 11. Qh3 Ng6 12. Bg3 Qa5 13. a3 cxd4 14. exd4 Qb6 15. f4 Bd6 16. 0-0 Ne7 17. Bh4 Ne4 18. Nxe4 dxe4 19. Bxe4 f5 20. Bd3 Bxe5 21. fxe5 Ng6 22. Bg3 Rf8 23. Bf4 Bd7 24. Bc4 Bb5 25. Bxb5 Qxb5 26. Rf2 Rac8 27. Re1 Qa5 28. Re3 Qb6 29. Qh5 Nxf4 30. Rxf4 g6 31. Qe2 Qc6 32. Rf2 Rf7 33. h4 Qd5 34. Rg3 Rg7 35. Qe3 Rcc7 36. h5 Qd8 37. Qg5 Qxg5 38. Rxg5 h6 39. Rxg6 Rxg6 40. hxg6 Rg7 41. c4 Rxg6 42. d5 Rg4 43. dxe6 Rg5 44. Rd2 f4 45. Rd8+ Kg7 46. e7 1-0

[Event "Rheinland Pfalz op 3rd"]
[Site "Gau Algesheim"]
[Date "2011.07.28"]
[Round "1"]
[White "Barzen, Pascal"]
[Black "Lang, Jochen"]
[Result "1-0"]
[WhiteElo "1995"]
[BlackElo "1516"]
[PlyCount "63"]
[EventDate "2011.07.28"]
[EventType "swiss"]
[EventRounds "7"]
[EventCountry "GER"]
[SourceTitle "EXT 2013"]
[Source "ChessBase"]
[SourceDate "2012.11.22"]
[SourceVersion "1"]
[SourceVersionDate "2012.11.22"]
[SourceQuality "1"]

1. e4 c5 2. Nc3 d6 3. g3 Nf6 4. Bg2 Nc6 5. d3 g6 6. f4 e6 7. Nf3 Bg7 8. 0-0 0-0 9. h3 Rb8 10. Be3 a6 11. e5 Nd5 12. Bf2 Qc7 13. exd6 Qxd6 14. Ne4 Qc7 15. Bxc5 Rd8 16. c3 Nb6 17. Qb3 Nd5 18. Qa3 Nxf4 19. gxf4 Qxf4 20. Nfg5 Qh4 21. Bd6 f5 22. Nf3 Qh5 23. Ng3 Qh6 24. Bxb8 Nxb8 25. d4 Bf8 26. Qb3 Nc6 27. Rae1 Kf7 28. Ne5+ Nxe5 29. dxe5 Rd3 30. Ne4 Kg7 31. Qc4 fxe4 32. Qxc8 1-0

[Event "Rheinland Pfalz op 2nd"]
[Site "Schweich"]
[Date "2010.07.18"]
[Round "7"]
[White "Kremer, Nadine"]
[Black "Lang, Jochen"]
[Result "1-0"]
[WhiteElo "1659"]
[BlackElo "1377"]
[PlyCount "58"]
[EventDate "2010.07.16"]
[EventType "swiss"]
[EventRounds "7"]
[EventCountry "GER"]
[SourceTitle "EXT 2012"]
[Source "ChessBase"]
[SourceDate "2011.11.24"]
[SourceVersion "1"]
[SourceVersionDate "2011.11.24"]
[SourceQuality "1"]

1. e4 c5 2. Nc3 d6 3. g3 Nf6 4. Bg2 g6 5. f4 e6 6. d3 Nc6 7. Nf3 Bg7 8. 0-0 0-0 9. h3 Ne8 10. Be3 Nc7 11. a3 a6 12. Qe1 Rb8 13. Rb1 b5 14. Ne2 a5 15. c3 a4 16. d4 cxd4 17. Nexd4 Nxd4 18. Nxd4 Bb7 19. Qe2 Qd7 20. Rfd1 Ba6 21. Qg4 Bc8 22. Qh4 e5 23. Nf3 f6 24. fxe5 fxe5 25. Rd3 Bb7 26. Bc5 Ne8 27. Rbd1 Bf6 28. Qh6 Bxe4 29. Bxd6 Bxd3 1-0